000 00656nam a2200181Ia 4500
005 20250508153414.0
008 008 250505s9999 xx 000 0 eng d
037 _aBooks to be hide in OPAC
040 _aFEDL
_beng
_cFEDL
041 _aeng
_2eng
084 _a371.2913, UNI/O
_qFEDL
245 0 _aWhy do boys and girls drop outs of school, and what can we do about it? : Work conference on life adjustment education
245 0 _cU S Department of Health, Education, and Welfare
260 _aWashington, USA
_bU.S. Government Printing Office
_c1959
300 _a71p.
942 _cHB
_h371.2913, UNI/O
999 _c1342626
_d1342626